Alle Randmeere des Indischen Ozeans - Statistiken

Allgemein
  • Dieses Quiz wurde 5 mal gespielt
  • Das Durchschnittsergebnis liegt bei 2 aus 5
Antwortstatistiken
Randmeer % Korrekt
Golf von Bengalen
100%
Arabisches Meer
50%
Andamanensee
25%
Lakkadivensee
25%
Timorsee
0%
Keine übereinstimmenden Quizze gefunden
Verteilung der Resultate
Anzahl Personen mit jedem Resultat
Perzentil nach korrekt beantworteten Fragen
Ihre Resultats-Entwicklung
Sie haben dieses Quiz noch nicht gespielt